Marty mcGuire / (Record no. 3893)

MARC details
000 -LEADER
fixed length control field 00747nam a22002537a 4500
001 - CONTROL NUMBER
control field 3893
003 - CONTROL NUMBER IDENTIFIER
control field FISKH
005 - DATE AND TIME OF LATEST TRANSACTION
control field 20240521153742.0
008 - FIXED-LENGTH DATA ELEMENTS--GENERAL INFORMATION
fixed length control field 240521b cb ||||| |||| 00| 0 eng d
040 ## - CATALOGING SOURCE
Original cataloging agency FISK
Language of cataloging eng
Transcribing agency FISK
Modifying agency FISK
050 ## - LIBRARY OF CONGRESS CALL NUMBER
Classification number PZ7.M5615
082 ## - DEWEY DECIMAL CLASSIFICATION NUMBER
Classification number 599.78
100 ## - MAIN ENTRY--PERSONAL NAME
Personal name Messner Kate
Dates associated with a name 1970-
245 ## - TITLE STATEMENT
Title Marty mcGuire /
Statement of responsibility, etc. Kate Messner
260 ## - PUBLICATION, DISTRIBUTION, ETC.
Place of publication, distribution, etc. New York :
Name of publisher, distributor, etc. Scholastic,
Date of publication, distribution, etc. 2011
300 ## - PHYSICAL DESCRIPTION
Extent 129 pages :
Dimensions 20 cm
505 ## - FORMATTED CONTENTS NOTE
Formatted contents note M
520 ## - SUMMARY, ETC.
Summary, etc. When tomboy Marty is cast as the princess in the third-grade play, she learns about improvisation, which helps her become more adaptable.
521 8# - TARGET AUDIENCE NOTE
Target audience note 660
Source Lexiles
521 8# - TARGET AUDIENCE NOTE
Target audience note M
Source Raz-Plus
700 ## - ADDED ENTRY--PERSONAL NAME
Personal name Kate Messner
942 ## - ADDED ENTRY ELEMENTS (KOHA)
Source of classification or shelving scheme Dewey Decimal Classification
Koha item type Books
Suppress in OPAC No
Holdings
Withdrawn status Lost status Source of classification or shelving scheme Damaged status Not for loan Collection Home library Current library Shelving location Date acquired Total Checkouts Full call number Barcode Date last seen Copy number Price effective from Koha item type
    Dewey Decimal Classification     Fiction Footprints International School Library Network Toul Kork Campus Footprints International School Library Network Toul Kork Campus   05/21/2024   MES PZ7.M5615 599.78 2024-0671 05/21/2024 1 05/21/2024 Books